Statistics for Former Names of Places #2

Click here to take the quiz!

General Stats

  • This quiz has been taken 265 times
    (190 since last reset)
  • The average score is 11 of 18

Answer Stats

Former NameCurrent Name% Correct
Nieuw AmsterdamNew York City
96%
Ottaman EmpireTurkey
88%
GaulFrance
85%
SaigonHo Chi Minh City
83%
North RhodesiaZambia
78%
South-West AfricaNamibia
77%
KampucheaCambodia
73%
DalmatiaCroatia
71%
New SpainMexico
70%
NubiaSudan
70%
KonigsburgKaliningrad
58%
Austrian NetherlandsBelgium
57%
NyasalandMalawi
50%
SmyrnaIzmir
46%
New HebridesVanuatu
43%
Trucial StatesUnited Arab Emirates
33%
Pleasant IslandNauru
19%
TrivandrumThiruvananthapuram
7%

Score Distribution

Percentile by Number Answered

Percent of People with Each Score

Your Score History

You have not taken this quiz since the last reset